Human resource management / (Record no. 137246)

MARC details
000 -LEADER
fixed length control field 00475nam a22001697a 4500
005 - DATE AND TIME OF LATEST TRANSACTION
control field 20170125161010.0
010 ## - LCCN (DPL NO)
LC control number ENG-117183
020 ## - INTERNATIONAL STANDARD BOOK NUMBER
International Standard Book Number 9788193223208
Terms of availability 150.00
035 ## - SYSTEM CONTROL NUMBER
System control number EN-100715
037 ## - SOURCE OF ACQUISITION
Source of stock number/acquisition DBAD/PUB
082 ## - DEWEY DECIMAL CLASSIFICATION NUMBER
Classification number 658.3
245 ## - TITLE STATEMENT
Title Human resource management /
Statement of responsibility, etc by K.K. Singh
260 ## - PUBLICATION, DISTRIBUTION, ETC. (IMPRINT)
Place of publication, distribution, etc Faridabad
Name of publisher, distributor, etc Maheshwari Prakashan
Date of publication, distribution, etc 2016
270 ## - ADDRESS
Address 911/7C
City Faridabad
Postal code 121006
300 ## - PHYSICAL DESCRIPTION
Extent xiv,112p.
Dimensions 25cm(pbk)
942 ## - ADDED ENTRY ELEMENTS (KOHA)
Source of classification or shelving scheme Dewey Decimal Classification
Item type English Books
Classification part 658.3
Call number suffix SIN
Holdings
Withdrawn status Lost status Not for loan Collection code Home library Current library Date acquired Source of acquisition Cost, normal purchase price Full call number Barcode Copy number Cost, replacement price Koha item type
      Non-fiction Central Library Central Library 25/01/2017 DBAD 150.00 658.3 SIN EN-100715 1 150.00 English Books

© Delhi Public Library
Hit Counter
free hit counter